[Event "Vejle"]
[Site "Vejle"]
[Date "1994.??.??"]
[Round "?"]
[White "Hansen, Curt"]
[Black "Sax, Gyula"]
[Result "1/2-1/2"]
[WhiteElo "2580"]
[BlackElo "2520"]
[PlyCount "63"]
[EventDate "1994.02.??"]
[EventType "tourn"]
[EventRounds "9"]
[EventCountry "DEN"]
[EventCategory "10"]
[Source "ChessBase"]
[SourceDate "1994.06.01"]

1. c4 c5 2. Nc3 g6 3. g3 Bg7 4. Bg2 Nc6 5. d3 e6 6. h4 h6 7. Nh3 Nge7 8. Bd2
Rb8 9. Nf4 a6 10. Rb1 b5 11. b3 d6 12. e3 Qc7 13. O-O O-O 14. Rc1 Qd7 15. Ne4
Bb7 16. Bc3 e5 17. Ne2 f5 18. Nd2 d5 19. cxb5 axb5 20. Ba1 Nb4 21. Rxc5 Nxd3
22. Rc3 Nb4 23. a3 d4 24. exd4 Bxg2 25. Kxg2 Nbd5 26. dxe5 Nxc3 27. Bxc3 Nd5
28. Nf3 Rbd8 29. Qc2 Qc6 30. Rc1 g5 31. hxg5 hxg5 32. Bd2 1/2-1/2

[Event "Vejle"]
[Site "Vejle"]
[Date "1994.??.??"]
[Round "?"]
[White "Hansen, Curt"]
[Black "Mortensen, Erling"]
[Result "1/2-1/2"]
[WhiteElo "2580"]
[BlackElo "2470"]
[PlyCount "138"]
[EventDate "1994.02.??"]
[EventType "tourn"]
[EventRounds "9"]
[EventCountry "DEN"]
[EventCategory "10"]
[Source "ChessBase"]
[SourceDate "1994.06.01"]

1. c4 Nf6 2. Nc3 e6 3. Nf3 d5 4. d4 c6 5. e3 Nbd7 6. b3 Bb4 7. Bd2 O-O 8. Be2
Qe7 9. O-O b6 10. Qc2 Bb7 11. Rad1 Rac8 12. cxd5 cxd5 13. Qb2 Ba3 14. Qb1 Ne4
15. Nb5 Nxd2 16. Nxd2 Ba6 17. Bd3 Nf6 18. Nxa3 Bxd3 19. Qxd3 Qxa3 20. Qb1 Rc7
21. Rc1 Rfc8 22. Rxc7 Rxc7 23. h3 h6 24. g3 Ne8 25. e4 Qb4 26. Nf3 Qc3 27. Kg2
Nf6 28. exd5 Nxd5 29. Rd1 Qc2 30. Qxc2 Rxc2 31. Rd2 Rc1 32. Ne5 a5 33. Kf3 Kf8
34. Nc4 Ke7 35. Ne3 Kd6 36. Nc4+ Kd7 37. h4 Rc3+ 38. Ke2 f6 39. Rb2 Rc1 40. Ne3
Kd6 41. Kd2 Ra1 42. Nc4+ Kc7 43. a4 Nb4 44. Ke2 h5 45. Kf3 Rc1 46. Ne3 Kc6 47.
Ke2 Rc3 48. Rb1 b5 49. axb5+ Kxb5 50. Rb2 g5 51. g4 hxg4 52. hxg5 fxg5 53. Rb1
g3 54. fxg3 Nd5 55. Nxd5 exd5 56. Kd2 Rxg3 57. Rc1 Rxb3 58. Rc5+ Kb4 59. Rxd5
g4 60. Rg5 Rb2+ 61. Kc1 Rg2 62. d5 Kc3 63. Kb1 Kb3 64. Kc1 Rc2+ 65. Kd1 Rc4 66.
d6 Rd4+ 67. Kc1 a4 68. d7 a3 69. Rxg4 Rxd7 1/2-1/2

[Event "Vejle"]
[Site "Vejle"]
[Date "1994.??.??"]
[Round "?"]
[White "Hansen, Curt"]
[Black "Hansen, Lars Bo"]
[Result "1-0"]
[WhiteElo "2580"]
[BlackElo "2545"]
[PlyCount "85"]
[EventDate "1994.02.??"]
[EventType "tourn"]
[EventRounds "9"]
[EventCountry "DEN"]
[EventCategory "10"]
[Source "ChessBase"]
[SourceDate "1994.06.01"]

1. c4 c6 2. d4 d5 3. Nc3 Nf6 4. e3 e6 5. Nf3 Nbd7 6. Qc2 Bd6 7. Be2 O-O 8. b3
a6 9. Bb2 e5 10. cxd5 cxd5 11. dxe5 Nxe5 12. O-O Be6 13. Rac1 Nc6 14. Qd1 Rc8
15. Nd4 Qc7 16. g3 Nxd4 17. Qxd4 Be5 18. Qb4 Qb8 19. Bf3 b5 20. Rfd1 Rfd8 21.
Ba1 h5 22. Qh4 Rc5 23. Ne2 Rxc1 24. Rxc1 Bxa1 25. Rxa1 Qe5 26. Qd4 Qf5 27. Qb6
Qxf3 28. Qxd8+ Kh7 29. Nd4 Qe4 30. Nxe6 fxe6 31. Rc1 Qf5 32. Qc7 e5 33. Qc2 e4
34. Qc7 Ng4 35. Qf4 Qe6 36. Kg2 Kg6 37. Rc7 Ne5 38. h4 Nf3 39. g4 hxg4 40. h5+
Kh7 41. h6 Nh4+ 42. Kf1 Nf5 43. Qg5 1-0

[Event "Vejle"]
[Site "Vejle"]
[Date "1994.??.??"]
[Round "?"]
[White "Hansen, Curt"]
[Black "Hector, Jonny"]
[Result "1/2-1/2"]
[WhiteElo "2580"]
[BlackElo "2515"]
[PlyCount "83"]
[EventDate "1994.02.??"]
[EventType "tourn"]
[EventRounds "9"]
[EventCountry "DEN"]
[EventCategory "10"]
[Source "ChessBase"]
[SourceDate "1994.06.01"]

1. c4 c6 2. e4 d5 3. exd5 Nf6 4. d4 cxd5 5. Nc3 g6 6. Qb3 Bg7 7. cxd5 O-O 8.
Be2 a5 9. Bf3 Na6 10. a3 Nc7 11. Nge2 Qd7 12. O-O a4 13. Qc4 Ra5 14. Bd2 b5 15.
Qc5 Qd8 16. Na2 Ra8 17. Nb4 Nd7 18. Qc2 Nb6 19. Nc6 Qe8 20. Nf4 Bb7 21. Qc5 Nc8
22. Rfe1 e6 23. Rac1 Bxc6 24. dxc6 Qd8 25. d5 Bxb2 26. Rc2 Bg7 27. dxe6 Bd4 28.
e7 Bxc5 29. exd8=Q Rxd8 30. Nd5 Rxd5 31. Bxd5 Bxa3 32. Bf3 Bd6 33. Rb1 a3 34.
Ra2 Ra4 35. Bd1 Rc4 36. Be2 Rxc6 37. Bxb5 Nxb5 38. Rxb5 Nb6 39. g3 Na4 40. Bb4
Nc3 41. Bxc3 Rxc3 42. Kf1 1/2-1/2

[Event "Vejle"]
[Site "Vejle"]
[Date "1994.??.??"]
[Round "?"]
[White "Hansen, Lars Bo"]
[Black "Sahl, Bjarke"]
[Result "1-0"]
[WhiteElo "2545"]
[BlackElo "2465"]
[PlyCount "143"]
[EventDate "1994.02.??"]
[EventType "tourn"]
[EventRounds "9"]
[EventCountry "DEN"]
[EventCategory "10"]
[Source "ChessBase"]
[SourceDate "1994.06.01"]

1. d4 d5 2. c4 c6 3. cxd5 cxd5 4. Nf3 Nf6 5. Nc3 a6 6. Bf4 Nc6 7. Ne5 e6 8. e3
Qb6 9. a3 Nxe5 10. Bxe5 Bd7 11. Qc2 Ne4 12. Nxe4 dxe4 13. Rc1 Rc8 14. Bc7 Qc6
15. Qd2 Qd5 16. Be2 Be7 17. O-O Bb5 18. Rc3 O-O 19. Rfc1 Bxe2 20. Qxe2 h6 21.
h3 Kh7 22. Qc2 f5 23. Be5 Rxc3 24. Qxc3 Rd8 25. Qc2 Bd6 26. Bxd6 Rxd6 27. Qa4
Rb6 28. Rc5 Qd8 29. b4 Rd6 30. Qc2 Qd7 31. h4 Qe8 32. g3 Qh5 33. Rc7 Rc6 34.
Rxc6 bxc6 35. Kf1 Qf3 36. Kg1 Qh5 37. Qb3 Qe2 38. Qxe6 Qd1+ 39. Kh2 Qf3 40. Qa2
g5 41. a4 gxh4 42. Qf7+ Kh8 43. Qf6+ Kh7 44. Qf7+ Kh8 45. Qe8+ Kh7 46. Qd7+ Kh8
47. Qd8+ Kh7 48. Qc7+ Kh8 49. Qf4 hxg3+ 50. Qxg3 Qh5+ 51. Kg2 Kh7 52. Qc7+ Kh8
53. Qf4 Qg6+ 54. Qg3 Qe6 55. Qb8+ Kg7 56. Qb7+ Kf6 57. Qh7 Kg5 58. Qg7+ Kh5 59.
Qg3 Qe7 60. Qb8 Qd7 61. Qg8 Qe7 62. d5 cxd5 63. Qxd5 Qg7+ 64. Kh2 Kg4 65. Qd1+
Kh4 66. Qd6 Qb7 67. Qf4+ Kh5 68. Qxf5+ Kh4 69. b5 axb5 70. axb5 Qa8 71. b6 Qc6
72. Qf4+ 1-0

[Event "Vejle"]
[Site "Vejle"]
[Date "1994.??.??"]
[Round "?"]
[White "Hansen, Lars Bo"]
[Black "Sax, Gyula"]
[Result "1/2-1/2"]
[WhiteElo "2545"]
[BlackElo "2520"]
[PlyCount "116"]
[EventDate "1994.02.??"]
[EventType "tourn"]
[EventRounds "9"]
[EventCountry "DEN"]
[EventCategory "10"]
[Source "ChessBase"]
[SourceDate "1994.06.01"]

1. d4 Nf6 2. c4 e6 3. Nf3 b6 4. g3 Ba6 5. Nbd2 Bb4 6. Qc2 Bb7 7. Bg2 c5 8. dxc5
Bxc5 9. e4 Nc6 10. O-O Qc7 11. a3 Be7 12. b4 d6 13. Bb2 O-O 14. Rac1 Rac8 15.
Qd3 Nd7 16. Qe3 Bf6 17. Bxf6 Nxf6 18. Nb3 Rfd8 19. h3 Qb8 20. Rfe1 Qa8 21. Nfd4
Ne5 22. Nd2 Nc6 23. Nxc6 Bxc6 24. f4 h6 25. Nb3 e5 26. b5 Bd7 27. a4 Be6 28.
Nd2 exf4 29. gxf4 Qb8 30. Bf1 Re8 31. Qf3 Qc7 32. Nb3 Bd7 33. Bd3 Re7 34. Rc2
Rce8 35. Rg2 g6 36. Kh2 Kh7 37. Nd2 Qc5 38. Reg1 Qd4 39. Bb1 Qc5 40. Bd3 Qh5
41. Qg3 Nxe4 42. Nxe4 Rxe4 43. Bxe4 Rxe4 44. Rc1 Qc5 45. Rc3 Rxc4 46. Rgc2 d5
47. Rxc4 dxc4 48. Qc3 Be6 49. Rd2 Qf5 50. Rd4 g5 51. Qe3 Kg6 52. fxg5 hxg5 53.
Rg4 Bd5 54. Rg3 Qc2+ 55. Kg1 Qd1+ 56. Kf2 Qc2+ 57. Kg1 Qd1+ 58. Kf2 Qc2+
1/2-1/2

[Event "Vejle"]
[Site "Vejle"]
[Date "1994.??.??"]
[Round "?"]
[White "Hansen, Lars Bo"]
[Black "Mortensen, Erling"]
[Result "1-0"]
[WhiteElo "2545"]
[BlackElo "2470"]
[PlyCount "77"]
[EventDate "1994.02.??"]
[EventType "tourn"]
[EventRounds "9"]
[EventCountry "DEN"]
[EventCategory "10"]
[Source "ChessBase"]
[SourceDate "1994.06.01"]

1. e4 c5 2. c3 d6 3. d4 Nf6 4. Bd3 Nc6 5. Nf3 Bg4 6. d5 Bxf3 7. gxf3 Ne5 8. Bc2
g6 9. f4 Ned7 10. Be3 Bh6 11. Nd2 Nh5 12. Qf3 b5 13. Rg1 Nb6 14. Rd1 Qc7 15.
Nf1 Nc4 16. Bc1 Qa5 17. Bb3 Nb6 18. a3 b4 19. axb4 cxb4 20. Bd2 Qb5 21. cxb4
Bg7 22. Ra1 Bxb2 23. Ra5 Qd7 24. Qd3 O-O 25. Bd1 Ng7 26. Ne3 f5 27. exf5 gxf5
28. Ra2 Bf6 29. Nxf5 e5 30. Nxg7 Bxg7 31. fxe5 dxe5 32. Bh6 Rf7 33. Bg4 Qd6 34.
Be6 Kh8 35. Bxf7 Bxh6 36. Rxa7 Qxb4+ 37. Kf1 Rf8 38. Qxh7+ Kxh7 39. Bg8+ 1-0

[Event "Vejle"]
[Site "Vejle"]
[Date "1994.??.??"]
[Round "?"]
[White "Hansen, Lars Bo"]
[Black "Nielsen, Uffe V"]
[Result "1-0"]
[WhiteElo "2545"]
[BlackElo "2385"]
[PlyCount "89"]
[EventDate "1994.02.??"]
[EventType "tourn"]
[EventRounds "9"]
[EventCountry "DEN"]
[EventCategory "10"]
[Source "ChessBase"]
[SourceDate "1994.06.01"]

1. Nf3 c5 2. c4 Nc6 3. d4 cxd4 4. Nxd4 g6 5. e4 Bg7 6. Be3 Nf6 7. Nc3 d6 8. Be2
O-O 9. O-O Bd7 10. Qd2 Nxd4 11. Bxd4 Bc6 12. Bd3 a5 13. Rfe1 Nd7 14. Bxg7 Kxg7
15. Re3 f6 16. Rd1 Rf7 17. Be2 Nc5 18. h4 Qf8 19. h5 Kh8 20. hxg6 hxg6 21. Rh3+
Rh7 22. Rxh7+ Kxh7 23. f3 Qh6 24. Qxh6+ Kxh6 25. b3 Kg7 26. Kf2 Rh8 27. Rb1 Kf7
28. a3 e5 29. b4 axb4 30. axb4 Ne6 31. Ra1 Rb8 32. Ra7 Ke8 33. g3 Nc7 34. b5
Bd7 35. f4 Be6 36. Bd3 Kd7 37. Kf3 b6 38. f5 Bg8 39. fxg6 Ra8 40. Rxa8 Nxa8 41.
Kg4 Ke7 42. Kh5 Kf8 43. Kh6 Nc7 44. Nd5 Bxd5 45. g7+ 1-0

[Event "Vejle"]
[Site "Vejle"]
[Date "1994.??.??"]
[Round "?"]
[White "Hector, Jonny"]
[Black "Sahl, Bjarke"]
[Result "0-1"]
[WhiteElo "2515"]
[BlackElo "2465"]
[PlyCount "76"]
[EventDate "1994.02.??"]
[EventType "tourn"]
[EventRounds "9"]
[EventCountry "DEN"]
[EventCategory "10"]
[Source "ChessBase"]
[SourceDate "1994.06.01"]

1. e4 e5 2. Nf3 Nc6 3. d4 exd4 4. Nxd4 Bc5 5. Nb3 Bb6 6. a4 a6 7. Nc3 d6 8. Nd5
Ba7 9. Be3 Bxe3 10. Nxe3 Nf6 11. Bd3 O-O 12. O-O Re8 13. f3 Bd7 14. c4 Qb8 15.
Rf2 Qa7 16. Nd5 Nxd5 17. exd5 Nb4 18. Bf1 Re3 19. a5 Rae8 20. Nd4 g6 21. Ra3
Re1 22. Qd2 Qc5 23. Rb3 Na2 24. Rxb7 Nc1 25. Qc3 Rd1 26. Rd2 Ne2+ 27. Rxe2 Rxe2
28. b4 Ree1 29. Qxe1 Qxd4+ 30. Qf2 Qxc4 31. h3 Bb5 32. Kh2 Qxf1 33. Rb8+ Kg7
34. Qb2+ Kh6 35. Qc2 Qg1+ 36. Kg3 Qe1+ 37. Kh2 Qe5+ 38. g3 Qd4 0-1

[Event "Vejle"]
[Site "Vejle"]
[Date "1994.??.??"]
[Round "?"]
[White "Hector, Jonny"]
[Black "Sax, Gyula"]
[Result "1-0"]
[WhiteElo "2515"]
[BlackElo "2520"]
[PlyCount "69"]
[EventDate "1994.02.??"]
[EventType "tourn"]
[EventRounds "9"]
[EventCountry "DEN"]
[EventCategory "10"]
[Source "ChessBase"]
[SourceDate "1994.06.01"]

1. e4 c5 2. Nf3 e6 3. d4 cxd4 4. Nxd4 Nf6 5. Nc3 Nc6 6. Be3 Bb4 7. Bd3 d5 8.
Nxc6 bxc6 9. e5 d4 10. exf6 dxe3 11. fxg7 exf2+ 12. Kf1 Rg8 13. Qg4 Bxc3 14.
bxc3 Qf6 15. Qc4 Bd7 16. Be4 e5 17. Bf3 Rxg7 18. Rd1 Rd8 19. Kxf2 Rg4 20. Qd3
Rh4 21. Rhe1 Be6 22. Qxd8+ Qxd8 23. Rxd8+ Kxd8 24. Rxe5 Bxa2 25. Bxc6 Rxh2 26.
Ra5 Be6 27. Be4 h6 28. Ke3 Rh1 29. Rxa7 Re1+ 30. Kd4 Re2 31. Ra8+ Ke7 32. Rh8
f5 33. Bf3 Rxc2 34. Ke5 Bf7 35. Rh7 1-0

[Event "Vejle"]
[Site "Vejle"]
[Date "1994.??.??"]
[Round "?"]
[White "Hector, Jonny"]
[Black "Nunn, John DM"]
[Result "1/2-1/2"]
[WhiteElo "2515"]
[BlackElo "2605"]
[PlyCount "122"]
[EventDate "1994.02.??"]
[EventType "tourn"]
[EventRounds "9"]
[EventCountry "DEN"]
[EventCategory "10"]
[Source "ChessBase"]
[SourceDate "1994.06.01"]

1. e4 e5 2. Nf3 Nc6 3. Bc4 Nf6 4. d4 exd4 5. e5 Ne4 6. Bd5 Nc5 7. c3 dxc3 8.
Nxc3 Be7 9. Be3 O-O 10. Qe2 Nb4 11. O-O-O c6 12. Bxc5 Bxc5 13. Bb3 d5 14. a3
Na6 15. h4 b5 16. Ng5 b4 17. Bc2 g6 18. axb4 Nxb4 19. Bb1 Rb8 20. Qd2 h6 21.
Nge4 Qe7 22. Qxh6 dxe4 23. h5 f5 24. hxg6 Qg7 25. Qf4 Rb7 26. Rh6 Re7 27. Rdh1
Qxe5 28. Rh8+ Qxh8 29. Rxh8+ Kxh8 30. Nxe4 Kg7 31. Nxc5 Nd5 32. Qh4 Rh8 33.
Qd4+ Nf6 34. Bd3 Kxg6 35. g4 Rhe8 36. Qf4 Re5 37. b4 a5 38. Qg3 Kf7 39. Bc4+
Nd5 40. bxa5 fxg4 41. a6 Bf5 42. a7 Kf6 43. Qb3 Rd8 44. Qb7 Ne7 45. Nd3 Bxd3
46. Bxd3 Rxd3 47. a8=Q Rc5+ 48. Kb2 Rb5+ 49. Qxb5 cxb5 50. Qf8+ Ke6 51. Qf4 Rf3
52. Qxg4+ Rf5 53. Kc3 Kf6 54. Qd4+ Ke6 55. Qb6+ Kf7 56. Kd3 Rf3+ 57. Ke2 Rf5
58. Qd6 Rd5 59. Qc7 Ke6 60. Kf3 Kf6 61. Ke4 Ke6 1/2-1/2

[Event "Vejle"]
[Site "Vejle"]
[Date "1994.??.??"]
[Round "?"]
[White "Hector, Jonny"]
[Black "Hansen, Lars Bo"]
[Result "0-1"]
[WhiteElo "2515"]
[BlackElo "2545"]
[PlyCount "168"]
[EventDate "1994.02.??"]
[EventType "tourn"]
[EventRounds "9"]
[EventCountry "DEN"]
[EventCategory "10"]
[Source "ChessBase"]
[SourceDate "1994.06.01"]

1. e4 e6 2. d4 d5 3. Nc3 Bb4 4. e5 c5 5. Bd2 Nc6 6. Nb5 Bxd2+ 7. Qxd2 Nxd4 8.
Nxd4 cxd4 9. f4 Qb6 10. b4 Nh6 11. Nf3 Nf5 12. Bd3 Ne3 13. Kf2 Bd7 14. a4 a6
15. Rhc1 Rc8 16. Kg1 Rc3 17. a5 Qa7 18. Kh1 h6 19. Re1 Nc4 20. Qf2 Ne3 21. Qd2
Nc4 22. Bxc4 Rxc4 23. Red1 O-O 24. Nxd4 f6 25. c3 fxe5 26. fxe5 Qb8 27. Re1 Qc7
28. Re3 Rc8 29. Ra3 Rf8 30. Ra1 Rc8 31. Ra3 Rf8 32. Qe1 Rf4 33. Ra1 Qd8 34. Qg3
Qf8 35. Rg1 Qf7 36. h3 Rc8 37. Qe1 Rf8 38. Rf3 Rxf3 39. gxf3 Kh8 40. Rg4 Qe7
41. Rg6 Qf7 42. Rg4 Qe7 43. Qg3 Be8 44. Rf4 Bf7 45. Qe1 Rc8 46. Nb3 Bg6 47. Qe3
Qg5 48. Kh2 Bf5 49. Nc5 Qh5 50. h4 Rc7 51. Rd4 Rf7 52. c4 dxc4 53. Rxc4 Kh7 54.
Kg1 Qg6+ 55. Kf2 Bh3 56. Qe4 Bf5 57. Qe3 Bg4 58. Rf4 Qc2+ 59. Ke1 Bf5 60. Rd4
Qh2 61. Nd7 Qh1+ 62. Ke2 Bg6 63. Nc5 Qh2+ 64. Kf1 Qh3+ 65. Kf2 Rf8 66. Nd7 Rf5
67. Qe4 Qh2+ 68. Kf1 Qg3 69. Ke2 Qg2+ 70. Ke1 Rf7 71. Qg4 Qb2 72. h5 Qc3+ 73.
Ke2 Bf5 74. Qh4 Bb1 75. Qg4 Bf5 76. Qh4 Qc7 77. Nc5 Qxe5+ 78. Kd2 Qc7 79. Qd8
Qh2+ 80. Ke3 e5 81. Rd6 Qf4+ 82. Ke2 e4 83. fxe4 Bxe4 84. Rd2 Qf3+ 0-1

[Event "Vejle"]
[Site "Vejle"]
[Date "1994.??.??"]
[Round "?"]
[White "Hector, Jonny"]
[Black "Mortensen, Erling"]
[Result "0-1"]
[WhiteElo "2515"]
[BlackElo "2470"]
[PlyCount "82"]
[EventDate "1994.02.??"]
[EventType "tourn"]
[EventRounds "9"]
[EventCountry "DEN"]
[EventCategory "10"]
[Source "ChessBase"]
[SourceDate "1994.06.01"]

1. e4 c5 2. Nf3 Nc6 3. Bb5 g6 4. Bxc6 bxc6 5. O-O Bg7 6. Re1 Nh6 7. d4 cxd4 8.
e5 c5 9. c3 Bb7 10. cxd4 cxd4 11. Nxd4 O-O 12. Bf4 Rc8 13. Nc3 Qb6 14. Qd2 Rc4
15. Rad1 Nf5 16. Nxf5 gxf5 17. b3 Qg6 18. Bg3 Rc7 19. Nd5 Bxd5 20. Qxd5 Rfc8
21. Bf4 Bh6 22. Qd4 Bxf4 23. Qxf4 Qg4 24. Qe3 Kh8 25. Rd4 Qg6 26. g3 Qe6 27.
Red1 Rc5 28. Rxd7 Rxe5 29. Qd4 f6 30. Rxa7 Rc2 31. Rf1 Kg7 32. Ra8 Re1 33. Rxe1
Qxe1+ 34. Kg2 Rc1 35. Kh3 Qf1+ 36. Kh4 Qg2 37. Kh5 Qxa8 38. Qe3 Rc7 39. Qh6+
Kg8 40. Qf4 Qe8+ 41. Kh4 Qg6 0-1

[Event "Vejle"]
[Site "Vejle"]
[Date "1994.??.??"]
[Round "?"]
[White "Madsen, Peder"]
[Black "Hector, Jonny"]
[Result "0-1"]
[WhiteElo "2260"]
[BlackElo "2515"]
[PlyCount "82"]
[EventDate "1994.02.??"]
[EventType "tourn"]
[EventRounds "9"]
[EventCountry "DEN"]
[EventCategory "10"]
[Source "ChessBase"]
[SourceDate "1994.06.01"]

1. e4 e5 2. Nf3 Nc6 3. Bb5 Nd4 4. Nxd4 exd4 5. O-O Bc5 6. d3 c6 7. Bc4 d5 8.
exd5 cxd5 9. Re1+ Be6 10. Bb5+ Kf8 11. Ba4 Qh4 12. Qf3 Nf6 13. Bf4 Nh5 14. Bg3
Qg5 15. h4 Qg4 16. Qxg4 Bxg4 17. Bh2 h6 18. f3 Be6 19. g4 Nf6 20. Nd2 a6 21.
Bb3 h5 22. g5 Ng8 23. Nf1 Ne7 24. Bg3 Nf5 25. Bf2 Rc8 26. Re2 g6 27. Rae1 Kg7
28. a3 Rc6 29. Kg2 Bd6 30. Rxe6 fxe6 31. Rxe6 Bf4 32. Bxd5 Rxc2 33. Rb6 Be3 34.
Rxb7+ Kf8 35. Rb8+ Ke7 36. Rxh8 Rxf2+ 37. Kg1 Rxb2+ 38. Nxe3 dxe3 39. Bc6 Kd6
40. Ba4 Rb1+ 41. Kg2 e2 0-1

[Event "Vejle"]
[Site "Vejle"]
[Date "1994.??.??"]
[Round "?"]
[White "Madsen, Peder"]
[Black "Mortensen, Erling"]
[Result "0-1"]
[WhiteElo "2260"]
[BlackElo "2470"]
[PlyCount "112"]
[EventDate "1994.02.??"]
[EventType "tourn"]
[EventRounds "9"]
[EventCountry "DEN"]
[EventCategory "10"]
[Source "ChessBase"]
[SourceDate "1994.06.01"]

1. d4 Nf6 2. c4 c5 3. Nf3 cxd4 4. Nxd4 e5 5. Nb5 d5 6. cxd5 Bc5 7. e3 O-O 8.
Be2 a6 9. N5c3 e4 10. O-O Re8 11. Nd2 Bf5 12. Nb3 Ba7 13. Nd4 Bg6 14. f4 exf3
15. Bxf3 Nbd7 16. Kh1 Nc5 17. g3 Nce4 18. Nxe4 Bxe4 19. b3 Bxd4 20. Qxd4 Bxf3+
21. Rxf3 Re4 22. Qd1 Qxd5 23. Qxd5 Nxd5 24. Bd2 g6 25. Kg2 f5 26. Rc1 Kf7 27.
Rc4 Ke6 28. h3 Rxc4 29. bxc4 Nb6 30. e4 fxe4 31. Rf4 Nxc4 32. Rxe4+ Kd5 33. Re2
b5 34. Bf4 Ra7 35. Re8 a5 36. Kf3 Rd7 37. h4 Kd4 38. g4 Kc3 39. h5 gxh5 40.
gxh5 a4 41. h6 b4 42. Rc8 b3 43. axb3 axb3 44. Be5+ Kd3 45. Bg7 b2 46. Bxb2
Nxb2 47. Kf4 Kd4 48. Rg8 Rf7+ 49. Kg5 Ke5 50. Re8+ Kd6 51. Ra8 Nc4 52. Ra6+ Ke5
53. Ra2 Nd6 54. Ra5+ Ke6 55. Ra6 Rf5+ 56. Kg4 Rd5 0-1

[Event "Vejle"]
[Site "Vejle"]
[Date "1994.??.??"]
[Round "?"]
[White "Madsen, Peder"]
[Black "Hansen, Curt"]
[Result "0-1"]
[WhiteElo "2260"]
[BlackElo "2580"]
[PlyCount "72"]
[EventDate "1994.02.??"]
[EventType "tourn"]
[EventRounds "9"]
[EventCountry "DEN"]
[EventCategory "10"]
[Source "ChessBase"]
[SourceDate "1994.06.01"]

1. Nf3 Nf6 2. c4 g6 3. Nc3 Bg7 4. g3 O-O 5. Bg2 d6 6. O-O c6 7. d4 Nbd7 8. Qc2
e5 9. Rd1 Re8 10. Bg5 Qc7 11. d5 h6 12. Bxf6 Nxf6 13. Rac1 e4 14. Nd4 c5 15.
Ndb5 Qe7 16. Qd2 a6 17. Na3 e3 18. Qxe3 Qxe3 19. fxe3 Rxe3 20. Nc2 Re7 21. b4
cxb4 22. Nxb4 Bd7 23. Nd3 Ng4 24. Ne4 Bf5 25. Ndf2 Nxf2 26. Nxf2 Rxe2 27. c5
Bc2 28. Re1 Rxe1+ 29. Rxe1 dxc5 30. Re7 b5 31. Ne4 c4 32. Rc7 Re8 33. d6 Bxe4
34. Bxe4 Rxe4 35. Rc8+ Kh7 36. d7 Bf6 0-1

[Event "Vejle"]
[Site "Vejle"]
[Date "1994.??.??"]
[Round "?"]
[White "Madsen, Peder"]
[Black "Hansen, Lars Bo"]
[Result "0-1"]
[WhiteElo "2260"]
[BlackElo "2545"]
[PlyCount "88"]
[EventDate "1994.02.??"]
[EventType "tourn"]
[EventRounds "9"]
[EventCountry "DEN"]
[EventCategory "10"]
[Source "ChessBase"]
[SourceDate "1994.06.01"]

1. Nf3 Nf6 2. g3 d5 3. Bg2 c6 4. b3 Bf5 5. Bb2 e6 6. O-O Nbd7 7. d3 Bc5 8. e3
O-O 9. Qe2 Re8 10. Nbd2 e5 11. e4 Bg4 12. Rfe1 Qb6 13. h3 Bh5 14. Rf1 Rad8 15.
Kh2 Qa6 16. c4 dxe4 17. dxe4 Bb4 18. g4 Bg6 19. Rfd1 Qb6 20. Nh4 Nc5 21. Nxg6
hxg6 22. Nf1 Ba5 23. Ng3 Nfd7 24. Rab1 Ne6 25. b4 Bxb4 26. Bc3 Bxc3 27. Rxb6
Nxb6 28. Rxd8 Rxd8 29. Qc2 Bd4 30. Bf1 Bc5 31. Kg2 Nf4+ 32. Kf3 Rd4 33. h4 Nd7
34. Be2 Nf8 35. Nf1 N8e6 36. Kg3 Bb4 37. Bf3 Rd3 38. Ne3 Nd4 39. Qb1 Bd2 40.
Qxb7 Be1 41. Qb8+ Kh7 42. Qxe5 Rxe3 43. g5 Rxf3+ 44. Kg4 Bxf2 0-1

[Event "Vejle"]
[Site "Vejle"]
[Date "1994.??.??"]
[Round "?"]
[White "Mortensen, Erling"]
[Black "Sahl, Bjarke"]
[Result "1/2-1/2"]
[WhiteElo "2470"]
[BlackElo "2465"]
[PlyCount "121"]
[EventDate "1994.02.??"]
[EventType "tourn"]
[EventRounds "9"]
[EventCountry "DEN"]
[EventCategory "10"]
[Source "ChessBase"]
[SourceDate "1994.06.01"]

1. e4 e5 2. Nf3 Nc6 3. Bb5 a6 4. Ba4 Bc5 5. c3 Nf6 6. d4 Bb6 7. O-O O-O 8. dxe5
Nxe4 9. Qd5 Nc5 10. Bc2 Ne7 11. Qd1 d5 12. exd6 Qxd6 13. Qxd6 cxd6 14. Nbd2 Bf5
15. Bxf5 Nxf5 16. Nc4 Ba7 17. Ne3 Nxe3 18. Bxe3 Na4 19. Bxa7 Rxa7 20. Rab1 b5
21. Rfd1 Rd8 22. Nd4 Rc7 23. Kf1 d5 24. Nc2 Rd6 25. Ne3 Rcd7 26. Rd4 g6 27. g4
f6 28. h4 Kf7 29. g5 f5 30. f3 Nb6 31. Re1 Nc4 32. b3 Nxe3+ 33. Rxe3 Re6 34.
Kf2 Rxe3 35. Kxe3 Ke6 36. Rd2 Ke5 37. f4+ Kd6 38. c4 bxc4 39. bxc4 Kc5 40. cxd5
Rxd5 41. Rc2+ Kb6 42. h5 Rd7 43. Rc8 gxh5 44. Rf8 Re7+ 45. Kf3 Kc5 46. Rxf5+
Kd4 47. Ra5 Re3+ 48. Kf2 Rc3 49. f5 Ke4 50. f6 Kf4 51. f7 Rc2+ 52. Kg1 Rc8 53.
Rxa6 Kxg5 54. Ra3 Kg6 55. Rf3 Kg7 56. a4 Kf8 57. a5 Rc5 58. a6 Ra5 59. Rf6 Ra2
60. Kf1 h4 61. Rh6 1/2-1/2

[Event "Vejle"]
[Site "Vejle"]
[Date "1994.??.??"]
[Round "?"]
[White "Mortensen, Erling"]
[Black "Sher, Miron N"]
[Result "0-1"]
[WhiteElo "2470"]
[BlackElo "2520"]
[PlyCount "66"]
[EventDate "1994.02.??"]
[EventType "tourn"]
[EventRounds "9"]
[EventCountry "DEN"]
[EventCategory "10"]
[Source "ChessBase"]
[SourceDate "1994.06.01"]

1. e4 e6 2. d4 d5 3. Nc3 dxe4 4. Nxe4 Bd7 5. c4 Bc6 6. Nc3 Nf6 7. Nf3 Bxf3 8.
Qxf3 Nc6 9. d5 exd5 10. cxd5 Qe7+ 11. Be3 Nd4 12. Qh3 Nc2+ 13. Kd2 Nxa1 14.
Bb5+ c6 15. dxc6 Qd6+ 16. Kc1 bxc6 17. Rd1 Qc7 18. Qf3 Rc8 19. Re1 cxb5 20.
Bf4+ Qe7 21. Rxe7+ Bxe7 22. Qb7 O-O 23. Qxe7 Rfe8 24. Qb7 Rc4 25. Be3 b4 26.
Kb1 bxc3 27. bxc3 Ne4 28. Kxa1 Nxc3 29. Kb2 a5 30. a3 Nd1+ 31. Kb3 Nxe3 32.
fxe3 Rec8 33. Kb2 a4 0-1

[Event "Vejle"]
[Site "Vejle"]
[Date "1994.??.??"]
[Round "?"]
[White "Mortensen, Erling"]
[Black "Nielsen, Uffe V"]
[Result "1-0"]
[WhiteElo "2470"]
[BlackElo "2385"]
[PlyCount "63"]
[EventDate "1994.02.??"]
[EventType "tourn"]
[EventRounds "9"]
[EventCountry "DEN"]
[EventCategory "10"]
[Source "ChessBase"]
[SourceDate "1994.06.01"]

1. e4 c5 2. Nf3 e6 3. d3 Nc6 4. g3 d5 5. Nbd2 Bd6 6. Bg2 Nge7 7. O-O O-O 8. Re1
Qc7 9. c3 Bd7 10. a3 b5 11. d4 cxd4 12. cxd4 dxe4 13. Nxe4 Nd5 14. Bd2 Rfd8 15.
Rc1 Be8 16. b4 Qb6 17. Nc5 a5 18. bxa5 Nxa5 19. Ng5 h6 20. Ngxe6 fxe6 21. Nxe6
Nf6 22. Bxh6 Ra7 23. Bg5 Bh5 24. Bf3 Bf7 25. Bxf6 gxf6 26. Nxd8 Qxd8 27. Bh5
Bxa3 28. Qg4+ Kh7 29. Bxf7 Rxf7 30. Rc8 Qd7 31. Qh5+ Kg7 32. Rh8 1-0

[Event "Vejle"]
[Site "Vejle"]
[Date "1994.??.??"]
[Round "?"]
[White "Mortensen, Erling"]
[Black "Nunn, John DM"]
[Result "1-0"]
[WhiteElo "2470"]
[BlackElo "2605"]
[PlyCount "109"]
[EventDate "1994.02.??"]
[EventType "tourn"]
[EventRounds "9"]
[EventCountry "DEN"]
[EventCategory "10"]
[Source "ChessBase"]
[SourceDate "1994.06.01"]

1. e4 c5 2. Nf3 e6 3. d4 cxd4 4. Nxd4 Nf6 5. Nc3 Nc6 6. Ndb5 d6 7. Bf4 e5 8.
Bg5 a6 9. Na3 b5 10. Nd5 Be7 11. Bxf6 Bxf6 12. c3 Bb7 13. Nc2 Nb8 14. g3 Nd7
15. h4 O-O 16. Nce3 g6 17. Qg4 Bg7 18. h5 Nf6 19. Nxf6+ Qxf6 20. Rd1 Rac8 21.
Bg2 Rfd8 22. O-O Rc5 23. Rd3 Bh6 24. Rfd1 Bxe3 25. Rxe3 Bc8 26. Qe2 Be6 27. b3
Rc6 28. Red3 Kg7 29. Bf3 Qg5 30. Kg2 a5 31. Rh1 a4 32. Qd1 axb3 33. axb3 Ra6
34. Rh4 Kf6 35. hxg6 hxg6 36. Bg4 Ke7 37. Bxe6 Kxe6 38. Rh7 f5 39. c4 fxe4 40.
Re3 bxc4 41. bxc4 d5 42. Qb3 Rad6 43. cxd5+ Rxd5 44. Rc3 Qd2 45. Rc6+ Kf5 46.
g4+ Kg5 47. Qg3 Qxf2+ 48. Qxf2 Rd2 49. Rh3 Rxf2+ 50. Kxf2 Rd2+ 51. Ke1 Rg2 52.
Rh8 Rxg4 53. Rg8 Kf5 54. Rf8+ Kg5 55. Re6 1-0